Gaming Quiz

Random Gaming or Clickable Quiz

Boom beach defensive buildings Quiz Stats

 Plays Quiz not verified by Sporcle

Score 0/9 Timer 01:00
0 Plays Today
% Correct
sniper tower
86.8%
rooket launcher
82.8%
boom mine
77.6%
mine
77%
flamethrower
72.4%
boom cannon
64.4%
machine gun
61.5%
shock launcher
61.5%
mortar
57.5%

You're not logged in!

Compare scores with friends on all Sporcle quizzes.
OR
Log In

Show Comments

Extras

Top Quizzes Today


Score Distribution

Your Account Isn't Verified!

In order to create a playlist on Sporcle, you need to verify the email address you used during registration. Go to your Sporcle Settings to finish the process.

Report this User

Report this user for behavior that violates our Community Guidelines.

Details: